Problémy hodnotenia efektívnosti využívania štrukturálnych fondov EÚ

Vymedzenie základných pojmov. Súčasný stav hodnotenia efektívnosti projektov vybraných operačných programov. Niektoré problémy súvisiace s hodnotením efektívnosti využívania štrukturálnych fondov EÚ v cestovnom ruchu.

Salvato in:
Dettagli Bibliografici
Autore principale: Michálková, Anna, 1968-
Natura: Capitolo di libro
Lingua:slovacco
Soggetti:
Tags: Aggiungi Tag
Nessun Tag, puoi essere il primo ad aggiungerne!!

MARC

LEADER 00000naa a2200000 4500
001 0164117
005 20240502072846.9
041 0 |a slo 
044 |a SK 
245 1 0 |a Problémy hodnotenia efektívnosti využívania štrukturálnych fondov EÚ  |c Anna Michálková 
520 |a Vymedzenie základných pojmov. Súčasný stav hodnotenia efektívnosti projektov vybraných operačných programov. Niektoré problémy súvisiace s hodnotením efektívnosti využívania štrukturálnych fondov EÚ v cestovnom ruchu. 
610 2 0 |a fondy štruktúrne 
610 2 0 |a zdroje finančné 
610 2 0 |a efektívnosť 
610 2 0 |a ruch cestovný 
610 2 0 |a projekty 
100 1 |a Michálková, Anna, 1968-